| 000 | 01090cac a22002771u 4500 | ||
|---|---|---|---|
| 090 | _c6695 | ||
| 008 | 081109t2000 xxu||||| |||| 00| 0 eng d | ||
| 010 | _a00041106 | ||
| 020 | _a0805836799 (alk. paper) | ||
| 020 | _a0805836802 (pbk.) | ||
| 082 | 0 | 0 |
_a158.2 _bBEN |
| 100 | _aBennett, Joel B. | ||
| 245 | 1 | 0 |
_aTime and intimacy : _ba new science of personal relationships / _cJoel B. Bennett. |
| 260 |
_aMahwah, N.J. : _bL. Erlbaum Associates, _cc.2000. |
||
| 300 |
_axxi, 349 p. : _bill. ; _c24 cm. |
||
| 440 | 0 | _aLEA's series on personal relationships | |
| 500 | _aDistributer: Al-Ahram. | ||
| 504 | _aIncludes bibliographical references (p. 313-333) and indexes. | ||
| 511 | _aCatalogued By: Mahitab. | ||
| 650 | 0 | _aIntimacy (Psychology) | |
| 650 | 0 | _aTime. | |
| 650 | 0 | _aInterpersonal relations. | |
| 856 | 4 | 2 |
_3Publisher description _uhttp://www.loc.gov/catdir/enhancements/fy0634/00041106-d.html |
| 942 |
_cBB _k158.2BEN _2ddc |
||
| 999 |
_c6695 _d6695 |
||